El rinoceronte y el megaterio: un ensayo de morfología histórica

Saved in:
Bibliografiske detaljer
Hovedforfatter: Pimentel, Juan (Author)
Format: Bog
Sprog:spansk
Udgivet: Madrid Abada Editores 2010
Udgivelse:1a. ed
Serier:Lecturas. Historía moderna
Fag:
Tags: Tilføj Tag
Ingen Tags, Vær først til at tagge denne postø!

MARC

LEADER 00000cam a2200000 a 4500
001 UCE3080
003 CL-VaPUC
008 140814e20100000sp |||||||||||||||||spa|d
020 |a 9788496775671 
082 0 4 |a 599.668  |b PIM  |2 21 
100 0 |a Pimentel, Juan  |e author  |9 575588 
245 1 3 |a El rinoceronte y el megaterio: un ensayo de morfología histórica 
250 |a 1a. ed 
300 |a 316 p 
942 |c BK 
945 |d 20140814 14:58:00  |a arojas 
260 |a Madrid  |b Abada Editores  |c 2010 
650 7 |a MAMIFEROS  |2 CL-VaPUC  |9 266111 
650 0 |a Morfología  |9 334440 
650 7 |a MORFOLOGIA ANIMAL  |2 CL-VaPUC  |9 575589 
583 |a last modification  |c 20140814 14:58:00  |k Rodrigo Vera 
490 0 |a Lecturas. Historía moderna 
999 |c 356529  |d 356527 
952 |0 0  |1 0  |3 erb  |4 0  |6 599_668000000000000_PIM_2010  |7 0  |8 A  |9 463976  |a BIBHIS  |b BIBHIS  |i 509545K  |l 2  |m 1  |o 599.668 PIM 2010  |p 509545K  |r 2025-01-20  |s 2024-08-14  |w 2019-11-23  |y BK  |z Catalogado en:20140814  |k HIS